000 00345 a2200169 4500
001 187412
020 _a978-85-262-6518-9
040 _cMagnum
100 _aWilliams, Sam
240 1 0 _aIsso é amor
_lpor
245 1 0 _aIsso é amor
300 _a29
362 0 _a2008
440 1 _aScipione
697 _aLITERATURA INFANTO
942 _cBK
999 _c187412
_d187412